Statistiques concernant Meilleurs buteurs de l'En Avant Guingamp en Ligue 1

Cliquez ici pour prendre le quiz!

Statistiques générales

  • Ce quiz a été pris 83 fois
  • Le résultat moyen est 8 sur 19

Statistiques - réponses

NationalitéJoueurPériodeButs% Correct
FRAClaudio Beauvue2013 - 201522
83%
CIVDidier Drogba2002 - 200320
83%
FRAJimmy Briand2015 - 201830
83%
MLIMustapha Yatabaré2011 - 201411
63%
FRAFlorent Malouda2000 - 200315
55%
FRAThibault Giresse2009 - 201810
54%
FRAMarcus Thuram2017 - 201912
52%
FRAChristophe Mandanne2012 - 201512
48%
SENMustapha Diallo2009 - 201814
48%
FRANicolas Benezet2015 - 202011
35%
FRAStéphane Carnot1989 - 199729
34%
FRAYannis Salibur2015 - 201818
32%
FRASloan Privat2015 - 201810
27%
FRALionel Rouxel1989 - 199818
18%
ALGAbdelhafid Tasfaout1997 - 200312
13%
FRACédric Bardon2001 - 200512
7%
FRAFabrice Fiorèse1997 - 200215
7%
LIBChristopher Wreh1996 - 199710
6%
FRABruno Rodriguez2000 - 200112
4%

Distribution des résultats

Percentile par nombre de réponses

% des personnes avec chaque résultat

Votre développement - résultats

Vous n’avez pas pris ce quiz